| 000 | 00637nam a2200193Ia 4500 | ||
|---|---|---|---|
| 008 | 151121s9999||||xx |||||||||||||| ||und|| | ||
| 082 | _a323/हिवरा | ||
| 082 | _bHNW-48597 | ||
| 100 | _aहिवराळे सुखराम | ||
| 245 | _aलोकपत्रकार | ||
| 260 | _b"प्रचार प्रकाशन, कोल्हापूर।" | ||
| 260 | _c-- | ||
| 300 | _a154 | ||
| 600 | _aहिवराळे सुखराम | ||
| 630 | _aलोकपत्रकार | ||
| 700 | _aहिवराळे सुखराम | ||
| 730 | _aलोकपत्रकार | ||
| 942 | _cBOOK | ||
| 999 |
_c1234066 _d1234063 |
||